<?xml version="1.0" encoding="UTF-8"?>
<marc:record xmlns:marc="http://www.loc.gov/MARC21/slim">
   <marc:leader>00000nam a2200000 a 4500</marc:leader>
   <marc:datafield ind1="1" ind2=" " tag="100">
      <marc:subfield code="a">Schuller, Robert H.</marc:subfield>
      <marc:subfield code="4">aut</marc:subfield>
      <marc:subfield code="e">Verfasser/-in</marc:subfield>
   </marc:datafield>
   <marc:datafield ind1="1" ind2=" " tag="100">
      <marc:subfield code="a">Schuller, Robert H.</marc:subfield>
   </marc:datafield>
   <marc:datafield ind1=" " ind2=" " tag="653">
      <marc:subfield code="a">Leid</marc:subfield>
   </marc:datafield>
   <marc:datafield ind1=" " ind2=" " tag="653">
      <marc:subfield code="a">Gottvertrauen</marc:subfield>
   </marc:datafield>
   <marc:datafield ind1=" " ind2=" " tag="653">
      <marc:subfield code="a">Erlebnisbericht</marc:subfield>
   </marc:datafield>
   <marc:datafield ind1="0" ind2="0" tag="245">
      <marc:subfield code="a">Aus Tränen werden Edelsteine</marc:subfield>
   </marc:datafield>
   <marc:datafield ind1="0" ind2="0" tag="245">
      <marc:subfield code="b">Leid und Schmerz überwinden</marc:subfield>
   </marc:datafield>
   <marc:datafield ind1="0" ind2="0" tag="245">
      <marc:subfield code="c">Robert H. Schuller. [Übers.: Rosina Erb</marc:subfield>
   </marc:datafield>
   <marc:datafield ind1=" " ind2="1" tag="264">
      <marc:subfield code="a">Asslar</marc:subfield>
      <marc:subfield code="b">GerthMedien</marc:subfield>
      <marc:subfield code="c">2006</marc:subfield>
   </marc:datafield>
   <marc:datafield ind1=" " ind2=" " tag="250">
      <marc:subfield code="a">6., Aufl.</marc:subfield>
   </marc:datafield>
   <marc:datafield ind1="1" ind2=" " tag="520">
      <marc:subfield code="a">Angaben aus der Verlagsmeldung

Aus Tränen werden Edelsteine : Schmerz und Leid überwinden / von Robert H Schuller

Schmerz - sei er körperlich, geistlich, oder seelisch - gehört unvermeidlich zu unserem Leben als Menschen. Er trifft uns unvorbereitet, oft hinterlässt er tiefe Narben und bereitet uns große Not und Leiden. Doch es gibt eine gute Nachricht: Trotz allem muss er unser Leben nicht bestimmen.

Ganz persönlich erzählt Robert H. Schuller in "Aus Tränen werden Edelsteine" von den vielfältigen Arten des Schmerzes, denen er sich in seinem Leben stellen musste. Und er lässt den Leser daran teilhaben, wie er diese Schmerzen durch sein Vertrauen auf Gott in kreatives Potenzial umwandelte.

Begleiten Sie Robert Schuller bei seinem geistlichen "Trainingsprogramm", das Sie für unvorbereitete Tiefschläge des Lebens wappnen und in puncto Gottvertrauen fit machen möchte.
</marc:subfield>
   </marc:datafield>
   <marc:datafield ind1=" " ind2=" " tag="020">
      <marc:subfield code="a">9783865911339</marc:subfield>
      <marc:subfield code="9">9783865911339</marc:subfield>
   </marc:datafield>
   <marc:datafield ind1=" " ind2=" " tag="041">
      <marc:subfield code="a">ger</marc:subfield>
   </marc:datafield>
   <marc:datafield ind1=" " ind2=" " tag="300">
      <marc:subfield code="a">198 S.</marc:subfield>
   </marc:datafield>
</marc:record>
